[Event "ch-Commonwealth"]
[Site "Nagpur IND"]
[Date "2008.09.30"]
[Round "3"]
[White "Shristi,J"]
[Black "Arun,Ka"]
[Result "0-1"]
[WhiteElo "1959"]
[BlackElo "2277"]

1.e4 d6 2.d4 g6 3.Nc3 Bg7 4.Be3 a6 5.Qd2 b5 6.Bd3 Nd7 7.h4 h5 8.Nf3 Bb7 9.Ng5 Ngf6
10.f3 O-O 11.O-O-O Rc8 12.Be2 c5 13.d5 c4 14.Nb1 Nc5 15.g4 c3 16.Nxc3 Qa5
17.Bxc5 Rxc5 18.Bd3 Rfc8 19.Nb1 Qxa2 20.Qb4 a5 21.Qa3 Qxa3 22.Nxa3 b4 23.Nb1 hxg4
24.fxg4 Nxg4 25.Rd2 Bd4 26.Rg2 Ne3 27.Re2 Ba6 28.Kd2 Rxc2+  0-1

[Event "ch-Commonwealth"]
[Site "Nagpur IND"]
[Date "2008.10.01"]
[Round "5"]
[White "Satyapragyan,S"]
[Black "Koshy,V"]
[Result "1-0"]
[WhiteElo "2414"]
[BlackElo "2283"]

1.e4 g6 2.d4 Bg7 3.Nc3 d6 4.Bg5 c6 5.Qd2 Nd7 6.f4 b5 7.Nf3 Nb6 8.a4 b4 9.Nd1 a5
10.Nf2 Nf6 11.Bd3 Qc7 12.O-O O-O 13.f5 Ba6 14.Bxa6 Rxa6 15.e5 Nfd5 16.Ng4 f6
17.Bh6 gxf5 18.Bxg7 Kxg7 19.Qh6+ Kg8 20.e6 Qc8 21.Nh4 Qxe6 22.Nxf5 Qf7 23.Rf3 Raa8
24.Qh4 Kh8 25.Ngh6 Qe8 26.Rg3 e6 27.Rg7  1-0

[Event "ch-Commonwealth"]
[Site "Nagpur IND"]
[Date "2008.10.02"]
[Round "6"]
[White "Karthikeyan,P"]
[Black "Rahman,Zia"]
[Result "1-0"]
[WhiteElo "2402"]
[BlackElo "2564"]

1.d4 d6 2.e4 g6 3.Nc3 Bg7 4.Nf3 Nf6 5.Be3 a6 6.a4 O-O 7.h3 Nc6 8.Qd2 e5 9.d5 Ne7
10.g4 Kh8 11.Bc4 Bd7 12.a5 Neg8 13.Ng1 Qc8 14.f3 c6 15.Na4 Qe8 16.Nb6 Rd8
17.Ne2 cxd5 18.exd5 Bb5 19.Bb3 Bxe2 20.Qxe2 Qe7 21.Bg5 h6 22.Bh4 Qc7 23.Ra4 Qb8
24.Kd1 Ne7 25.Kc1 Nc8 26.g5 Nh5 27.gxh6 Bxh6+ 28.Kb1 Nxb6 29.axb6 Rde8 30.Rg4 Kh7
31.Ba4 Rc8 32.Be7 Rg8 33.Bd7 Rcd8 34.Ba4 Rc8 35.Rhg1 Rg7 36.Qe1 f6 37.Qh4 Bg5
38.Rxg5 fxg5 39.Rxg5 Kh6 40.Bf6 Rgg8 41.Bd7 Rcf8 42.Bg4 Qe8 43.Be7 Rf4 44.Bxd6 Rd4
45.Rxe5 Rd1+ 46.Ka2 Qa4+ 47.Ba3 Qf4 48.Re4 Qf6 49.Qf2 Qg5 50.Be6 Re8 51.Bc5 Rd2
52.Qxd2 Qxd2 53.Be3+ Qxe3 54.Rxe3 Nf4 55.Re4 g5 56.h4  1-0

[Event "ch-Commonwealth"]
[Site "Nagpur IND"]
[Date "2008.10.02"]
[Round "6"]
[White "Sengupta,D"]
[Black "Deshmukh,A"]
[Result "1-0"]
[WhiteElo "2454"]
[BlackElo "2284"]

1.e4 d6 2.d4 g6 3.Nc3 Bg7 4.Be3 c6 5.Qd2 b5 6.Bd3 a6 7.a4 Bb7 8.Nf3 Nd7 9.O-O b4
10.Ne2 c5 11.c3 Ngf6 12.Ng3 bxc3 13.bxc3 Ng4 14.Rfb1 Qc7 15.Bg5 h6 16.Bh4 Ra7
17.Nf1 Ngf6 18.Qe3 O-O 19.N1d2 Ba8 20.Qe2 cxd4 21.cxd4 Qa5 22.h3 Re8 23.e5 Bxf3
24.Nxf3 dxe5 25.dxe5 Nd5 26.e6 Bxa1 27.Rxa1 Qc3 28.Rd1 N7f6 29.Bc4 Nf4 30.exf7+ Kh7
31.Qe3 Qxe3 32.fxe8=Q Nxh3+ 33.gxh3 Qxf3 34.Qf7+  1-0

[Event "Tatry Open"]
[Site "Tatranske Zruby SVK"]
[Date "2008.10.02"]
[Round "7"]
[White "Nicolini,A"]
[Black "Markosian,D"]
[Result "0-1"]
[WhiteElo "2150"]
[BlackElo "2501"]

1.e4 g6 2.d4 Bg7 3.Nc3 d6 4.Be3 a6 5.Be2 Nf6 6.a4 O-O 7.h3 Nc6 8.Nf3 e5 9.d5 Ne7
10.Nd2 Nd7 11.Nc4 f5 12.f3 Nf6 13.g4 Bd7 14.a5 Nc8 15.Qd2 fxe4 16.fxe4 b5
17.axb6 cxb6 18.b4 b5 19.Na5 Ne7 20.O-O Qc7 21.Bd3 Rf7 22.Ra3 Raf8 23.Qg2 Qc8
24.Kh2 h6 25.Nd1 g5 26.Rc3 Qe8 27.Bd2 Ng6 28.Ne3 Nf4 29.Qg1 h5 30.Nf5 Bxf5
31.gxf5 g4 32.h4 g3+ 33.Qxg3 Ng4+ 34.Kh1 Bf6 35.Nc6 Rg7 36.Be1 Kh8 37.Rf3 Ne3
38.Rxe3 Rxg3 39.Bxg3 Rg8 40.Be2 Rxg3  0-1

[Event "TCh-AUT 2nd Bundesliga Ost 2008-9"]
[Site "Austria AUT"]
[Date "2008.10.03"]
[Round "1"]
[White "Brandner,S"]
[Black "Alvir,A"]
[Result "1/2-1/2"]
[WhiteElo "2296"]
[BlackElo "2386"]

1.e4 g6 2.d4 Bg7 3.Nc3 d6 4.Nge2 Nc6 5.d5 Nb8 6.g3 c6 7.Bg2 Nf6 8.h3 O-O
9.O-O Bd7 10.Be3 cxd5 11.exd5 Qa5 12.Qd2 Rc8 13.Rfe1 Qd8 14.Nd4 Na6 15.Bh6 Bxh6
16.Qxh6 Nb4 17.a3 Rc4 18.axb4 Rxd4 19.b5 Rb4 20.b3 Rc8 21.Qd2 a5 22.bxa6 bxa6
23.Rxa6 Rb7  1/2-1/2

[Event "ch-Commonwealth"]
[Site "Nagpur IND"]
[Date "2008.10.03"]
[Round "7"]
[White "Gusain,H"]
[Black "Koshy,V"]
[Result "1-0"]
[WhiteElo "2108"]
[BlackElo "2283"]

1.e4 d6 2.d4 g6 3.Nc3 Bg7 4.Be3 c6 5.Qd2 Nd7 6.O-O-O b5 7.h4 Qa5 8.Kb1 h5
9.a3 Nb6 10.Bd3 Rb8 11.Nge2 Be6 12.Nc1 Nc4 13.Bxc4 Bxc4 14.Nb3 Qb6 15.Na2 Nf6
16.f3 Nd7 17.g4 Nf6 18.gxh5 Rxh5 19.Nac1 b4 20.axb4 Qxb4 21.Qxb4 Rxb4 22.Nd2 Ba6
23.c3 Rb8 24.Kc2 Bc8 25.Nd3 a5 26.Ra1 Nd7 27.b3 Ra8 28.Nf4 Rb5 29.h5 e5 30.dxe5 Nxe5
31.hxg6 fxg6 32.Bd4 Kf7 33.Nc4 Nxc4 34.bxc4 Rb7 35.Bxg7 Kxg7 36.Rag1 Rf7
37.Nxg6 Kf6 38.Nh8  1-0

[Event "ch-Commonwealth"]
[Site "Nagpur IND"]
[Date "2008.10.03"]
[Round "8"]
[White "Joshi,GB"]
[Black "Murshed,N"]
[Result "0-1"]
[WhiteElo "2303"]
[BlackElo "2437"]

1.e4 g6 2.d4 Bg7 3.Nc3 d6 4.Be3 c6 5.Qd2 b5 6.h4 h6 7.f3 e6 8.Nge2 Ne7 9.g4 Nd7
10.a4 b4 11.Nd1 c5 12.Nf2 Ba6 13.Rd1 Nc6 14.c3 bxc3 15.bxc3 Qa5 16.f4 Nb6
17.dxc5 Nc4 18.Qc1 Nxe3 19.Qxe3 Bxe2 20.Bxe2 O-O 21.cxd6 Bxc3+ 22.Kf1 e5
23.f5 Kg7 24.g5 h5 25.f6+ Kg8 26.Bxh5 gxh5 27.Qf3 Nd4 28.Rxd4 Bxd4 29.Qxh5 Qd2  0-1

[Event "ch-Commonwealth"]
[Site "Nagpur IND"]
[Date "2008.10.03"]
[Round "8"]
[White "Ashwin,J"]
[Black "Deshmukh,A"]
[Result "1-0"]
[WhiteElo "2436"]
[BlackElo "2284"]

1.d4 d6 2.e4 g6 3.Nc3 Bg7 4.f4 c6 5.Nf3 b5 6.Bd3 a6 7.O-O Qb6 8.Be3 Bg4 9.e5 dxe5
10.fxe5 Bxe5 11.h3 Bxf3 12.Qxf3 Bxd4 13.Qxf7+ Kd7 14.Bxd4 Qxd4+ 15.Kh1 Nh6
16.Qf3 Kc8 17.Rad1 Qe5 18.Rde1 Qc5 19.Qf4 Nf5 20.Re5 Qd6 21.Bxf5+ gxf5 22.Qxf5+ Nd7
23.Re6  1-0

[Event "TCh-AUT 2nd Bundesliga Ost 2008-9"]
[Site "Austria AUT"]
[Date "2008.10.04"]
[Round "2"]
[White "Bozinovic,Bob"]
[Black "Steinert,Mart"]
[Result "0-1"]
[WhiteElo "2095"]
[BlackElo "2058"]

1.e4 d6 2.d4 g6 3.Nc3 Bg7 4.f4 c6 5.Nf3 Bg4 6.Be3 b5 7.a3 a6 8.h3 Bxf3 9.Qxf3 Nd7
10.e5 d5 11.g4 e6 12.f5 c5 13.fxe6 fxe6 14.Nxd5 exd5 15.e6 Ndf6 16.g5 Qe7
17.gxf6 Nxf6 18.O-O-O O-O 19.dxc5 Qxe6 20.Bg2 Rae8 21.Bd4 Ne4 22.Qg4 Bxd4
23.Qxe6+ Rxe6 24.Rxd4 Rf2 25.Bxe4 dxe4 26.Re1 Rf4 27.Re3 h5 28.Kd2 Kf7 29.b4 g5
30.Rd7+ Kf6 31.Kc3 Ke5 32.Rh7 Rh4 33.Rg7 g4 34.hxg4 Rxg4 35.Rh7 h4 36.Rh5+ Kf4  0-1

[Event "1st WMSG Blitz Ind"]
[Site "Beijing CHN"]
[Date "2008.10.04"]
[Round "4"]
[White "Bartel,Mat"]
[Black "Gurevich,M1"]
[Result "0-1"]
[WhiteElo "2602"]
[BlackElo "2634"]

1.e4 d6 2.d4 g6 3.Nc3 Bg7 4.g3 Nf6 5.Bg2 O-O 6.Nge2 e5 7.h3 c6 8.Be3 b5 9.a3 Nbd7
10.O-O Qc7 11.f4 Bb7 12.dxe5 dxe5 13.f5 a5 14.g4 b4 15.Nb1 c5 16.Nd2 Rfd8
17.Ng3 Nb6 18.g5 Ne8 19.Qf3 Nd6 20.Qf2 Ndc4 21.Nxc4 Nxc4 22.axb4 Nxe3 23.Qxe3 cxb4
24.Kh2 Rac8 25.Rf2 Bf8 26.fxg6 hxg6 27.Qb3 Qc4 28.Rxa5 Bc5 29.Re2 Bd4 30.h4 Ra8
31.Rxa8 Rxa8 32.h5 Ra2 33.h6 Bxb2 34.Kh3 Bc8+ 35.Kh4 Be6 36.Nf1 Bc3 37.Kg3 Qxb3
38.cxb3 Bxb3 39.Ne3 Bd2 40.Kf3 Be6  0-1

[Event "1st WMSG Blitz Ind w"]
[Site "Beijing CHN"]
[Date "2008.10.04"]
[Round "10"]
[White "Muzychuk,M"]
[Black "Paehtz,E"]
[Result "1-0"]
[WhiteElo "2436"]
[BlackElo "2471"]

1.e4 d6 2.Nc3 g6 3.d4 Bg7 4.Be3 Nf6 5.Qd2 c6 6.Bh6 Bxh6 7.Qxh6 Qa5 8.O-O-O Nbd7
9.Qe3 e5 10.dxe5 dxe5 11.Bc4 Qc5 12.Qxc5 Nxc5 13.Nf3 Bg4 14.Rhe1 b5 15.Bb3 Nxb3+
16.axb3 Bxf3 17.gxf3 Ke7 18.Ne2 Nh5 19.Rd3 Rad8 20.Red1 Rxd3 21.Rxd3 Rd8
22.Kd2 Rxd3+ 23.Kxd3 Kd6 24.b4 Ng7 25.f4 Ne6 26.fxe5+ Kxe5 27.Ke3 g5 28.c3 f6
29.Nd4 Kd6 30.Nxe6 Kxe6 31.f4 h6 32.Kf3 h5 33.h3 a6 34.Ke3 g4 35.hxg4 hxg4
36.Kf2 f5 37.exf5+ Kf6 38.Kg2 Kxf5 39.Kg3  1-0

[Event "Tatry Open"]
[Site "Tatranske Zruby SVK"]
[Date "2008.10.04"]
[Round "9"]
[White "Sikora,J"]
[Black "Markosian,D"]
[Result "1-0"]
[WhiteElo "2241"]
[BlackElo "2501"]

1.e4 g6 2.d4 Bg7 3.Nc3 d6 4.f4 a6 5.Nf3 b5 6.Bd3 Bb7 7.O-O Nd7 8.e5 e6 9.Ne4 Bxe4
10.Bxe4 d5 11.Bd3 c5 12.c3 Ne7 13.g4 h5 14.f5 gxf5 15.gxf5 exf5 16.Kh1 Qb6
17.Bg5 f6 18.exf6 Nxf6 19.dxc5 Qxc5 20.Nd4 Qd6 21.Qf3 O-O 22.Rae1 Ng4 23.Bf4 Ne5
24.Bxe5 Bxe5 25.Rg1+ Bg7 26.Ne6 Rf7 27.Qg2 f4 28.Qxg7+  1-0

[Event "Masters"]
[Site "Winterthur SUI"]
[Date "2008.10.04"]
[Round "2"]
[White "Gaehwiler,G"]
[Black "Torricelli,A"]
[Result "1-0"]
[WhiteElo "2095"]
[BlackElo "1997"]

1.e4 g6 2.d4 d6 3.Nc3 Bg7 4.f4 Nf6 5.Nf3 O-O 6.Bd3 c5 7.dxc5 dxc5 8.e5 Nd5
9.Nxd5 Qxd5 10.Qe2 Qd8 11.Be3 Qa5+ 12.Nd2 Qc7 13.O-O Nc6 14.Qf2 b6 15.a3 Bd7
16.c3 Rad8 17.Be4 Rc8 18.Qh4 Rfe8 19.Nf3 f6 20.Rad1 Be6 21.g4 Red8 22.Bf2 Bc4
23.Rfe1 Rxd1 24.Rxd1 Be2 25.Bd5+ Kh8 26.Rd2 Bxf3 27.Bxf3 Rd8 28.Rxd8+ Nxd8
29.f5 g5 30.Qh5 Kg8 31.Qe8+ Bf8 32.Bd5+ Kg7 33.exf6+ exf6 34.Bg3 Qe7 35.Qxe7+ Bxe7
36.Bb8 a6 37.Kf2 Kf8 38.Ke3 Ke8 39.Bc7 Kd7 40.Bxb6 Kd6 41.Ke4 Nc6 42.b4 cxb4
43.cxb4 Bd8 44.Bxd8 Nxd8 45.Kd4 a5 46.bxa5  1-0

[Event "ch-Commonwealth"]
[Site "Nagpur IND"]
[Date "2008.10.05"]
[Round "10"]
[White "Niji,A1"]
[Black "Koshy,V"]
[Result "1/2-1/2"]
[WhiteElo "2015"]
[BlackElo "2283"]

1.e4 d6 2.d4 g6 3.Nc3 Bg7 4.Be3 c6 5.Qd2 Nd7 6.Bd3 b5 7.a4 b4 8.Nce2 a5 9.c3 bxc3
10.Nxc3 Ngf6 11.h3 e5 12.Nf3 O-O 13.O-O exd4 14.Nxd4 Bb7 15.f3 Re8 16.Rfd1 Ne5
17.Bf1 d5 18.exd5 Nxd5 19.Nxd5 Qxd5 20.Rac1 c5 21.Nc2 Qb3 22.Bxc5 Bxf3 23.Nd4 Qxd1
24.Rxd1 Bxd1 25.Qxd1 Red8 26.Qe1 Nd7 27.Nc6 Nxc5 28.Nxd8 Rxd8 29.Qxa5 Rd1
30.Qa8+ Bf8 31.Qf3  1/2-1/2

[Event "Chigorin Memorial"]
[Site "St Petersburg RUS"]
[Date "2008.10.05"]
[Round "2"]
[White "Sivokho,S"]
[Black "Barhudarian,R"]
[Result "1-0"]
[WhiteElo "2486"]
[BlackElo "2327"]

1.e4 g6 2.d4 Bg7 3.Nc3 d6 4.f4 c6 5.h3 e5 6.dxe5 Qh4+ 7.Ke2 dxe5 8.Nf3 Qe7
9.fxe5 Nd7 10.Bg5 f6 11.Bf4 fxe5 12.Be3 Ngf6 13.Kf2 O-O 14.Bd3 Nc5 15.Rf1 Nfxe4+
16.Nxe4 Nxe4+ 17.Bxe4 Qh4+ 18.Kg1 Qxe4 19.Bc5 Re8 20.Qd2 Bf5 21.c3 b6 22.Be3 Rad8
23.Qf2 Rf8 24.Rfe1 Qd5 25.Qh4 e4 26.Nd4 c5 27.Nxf5 Qxf5 28.Bg5 Rde8 29.Rad1 Re5
30.Be3 Bf6 31.Qg4 Qxg4 32.hxg4 Re7 33.Rf1 Be5 34.Bh6 Bg7 35.Rxf8+ Kxf8 36.Bg5 Re8
37.Kf2 h6 38.Bf4 g5 39.Bg3 Ke7 40.Ke3 Ke6 41.Kxe4 Bf8 42.Be5 Be7 43.a4 Rf8
44.Bg3 Rh8 45.Rd5 Rc8 46.c4 Rf8 47.Re5+ Kd7 48.Rf5 Rh8 49.Kd5 Rh7 50.a5 bxa5
51.Bf2 h5 52.Bxc5 hxg4 53.Bxe7 Rxe7 54.Rxg5 Re2 55.Rg7+ Kc8 56.Rxg4 Rxb2
57.c5 Rf2 58.Kc6 Rf6+ 59.Kb5 Rf5 60.Rg7 a4 61.Rxa7 Rg5 62.Kb6 Rxg2 63.Ra8+ Kd7
64.c6+ Kd6 65.Rd8+ Ke7 66.c7  1-0

[Event "1st WMSG Rapid Ind"]
[Site "Beijing CHN"]
[Date "2008.10.06"]
[Round "7"]
[White "Nolte,R"]
[Black "Azmaiparashvili,Z"]
[Result "1/2-1/2"]
[WhiteElo "2489"]
[BlackElo "2626"]

1.e4 d6 2.d4 g6 3.Nc3 Bg7 4.f4 Nf6 5.Nf3 O-O 6.Be3 Nc6 7.e5 dxe5 8.dxe5 Ng4
9.Bg1 Nh6 10.Bb5 Bd7 11.Qe2 a6 12.Ba4 Qe8 13.Bb3 Na5 14.O-O-O Nxb3+ 15.axb3 Bb5
16.Qe3 Nf5 17.Qf2 Bc6 18.h3 f6 19.Bh2 fxe5 20.Nxe5 Bxe5 21.fxe5 Qf7 22.Rhf1 Qe6
23.g4 Ng7 24.Qh4 Rxf1 25.Rxf1 Rd8 26.Qf2 Bb5 27.Re1 Rf8 28.Qd2 Bc6 29.Bf4 Qf7
30.Bh6 Qf3 31.Qg5 Rf7 32.e6 Rf6 33.Qe5 g5 34.Qxg5 Rg6 35.Qh4 Qf6 36.g5 Qf5
37.Qd4 Ne8 38.Qc4 Nd6 39.Qd4 Ne8 40.Qe3 Ng7 41.Bxg7 Rxg7 42.h4 h6 43.gxh6 Rg2
44.Ne2 Qf3 45.Qxf3 Bxf3 46.Nd4 Bg4 47.Re5 Kh7 48.Rg5 Bh3 49.Rd5 Kxh6 50.Rd7 c5
51.Nf3 Bxe6 52.Rxe7 Bf5 53.Ne1 Rg1 54.Kd2 b5 55.Re5 Bg6 56.Rxc5 Rh1 57.Nf3 Rh3
58.Ne5 Rh2+ 59.Ke3 Rxc2 60.Rxc2 Bxc2 61.b4 Kh5 62.Kd4 Kxh4 63.Nd7 Bf5 64.Nb8 Bc8
65.Kc5 Kg4 66.Kb6 Kf4 67.Kc7 Bf5 68.Nxa6 Ke3 69.Kb6 Bd7 70.Kc5 Kd3 71.Nc7 Kc2
72.Nxb5 Kxb2 73.Nd4 Ka3 74.Nf3 Be8 75.Ne5 Ka4 76.Nc4 Kb3 77.Nd6 Bd7 78.Nb7 Be8
79.Na5+ Ka4 80.Nc4 Kb3 81.Ne5 Ka4 82.Nf3 Kb3 83.Nd4+ Ka4 84.Ne6 Ka3 85.Nc7 Bd7
86.Nd5 Be8 87.Nc3 Bd7 88.Kd4  1/2-1/2

[Event "Belgrade Premier League"]
[Site "Belgrade SRB"]
[Date "2008.10.06"]
[Round "2"]
[White "Carnic,S"]
[Black "Popovic,AM"]
[Result "1/2-1/2"]
[WhiteElo "2346"]
[BlackElo "2299"]

1.e4 g6 2.d4 Bg7 3.Nc3 d6 4.f4 Nf6 5.Nf3 O-O 6.Bd3 Nc6 7.e5 Ng4 8.h3 Nh6
9.Be3 f6 10.exf6 exf6 11.O-O Nb4 12.d5 Re8 13.Bf2 Nxd3 14.Qxd3 Bf5 15.Qd2 c5
16.dxc6 bxc6 17.Rad1 Nf7 18.Rfe1 Qa5 19.Nd4  1/2-1/2

[Event "ch-Commonwealth"]
[Site "Nagpur IND"]
[Date "2008.10.06"]
[Round "11"]
[White "Mas,H"]
[Black "Vinoth,K"]
[Result "1-0"]
[WhiteElo "2386"]
[BlackElo "2202"]

1.d4 d6 2.e4 g6 3.Nc3 Bg7 4.Bg5 Nd7 5.f4 c6 6.Nf3 Qb6 7.a3 Nf8 8.e5 d5 9.Na4 Qc7
10.Qd2 Bg4 11.Be2 Ne6 12.Bh4 Nh6 13.Bf2 Nf5 14.h3 Bxf3 15.Bxf3 h5 16.g4 hxg4
17.hxg4 Rxh1+ 18.Bxh1 Nh6 19.Bf3 O-O-O 20.O-O-O f6 21.Be3 fxe5 22.fxe5 Nf7
23.g5 Nf8 24.Bg4+ e6 25.Nc5 Qe7 26.Rf1 b6 27.Nd3 c5 28.dxc5 d4 29.Bf4 bxc5
30.Qa5 Qc7 31.Qxc7+ Kxc7 32.Bd2 Rd7 33.Nxc5 Nxe5 34.Nxd7 Nexd7 35.Bb4 Ne5
36.Bxf8 Bxf8 37.Rxf8 Nxg4 38.Rf7+ Kd6 39.Rf4  1-0

[Event "Chigorin Memorial"]
[Site "St Petersburg RUS"]
[Date "2008.10.06"]
[Round "4"]
[White "Solovjova,V"]
[Black "Gorovykh,E"]
[Result "1/2-1/2"]
[WhiteElo "2303"]
[BlackElo "2390"]

1.e4 g6 2.d4 Bg7 3.Nc3 d6 4.f4 a6 5.Nf3 b5 6.a3 Bb7 7.Bd3 Nd7 8.Be3 c5 9.dxc5 Nxc5
10.Bd4 Bxd4 11.Nxd4 Nf6 12.Qe2 O-O 13.Nb3 Qb6 14.Nxc5 dxc5 15.e5 Nd5 16.Nxd5 Bxd5
17.Be4 Rad8 18.O-O-O Bc4 19.Qf3 b4 20.Rxd8 Rxd8 21.Rd1 bxa3 22.Rxd8+ Qxd8
23.bxa3 Qd4 24.h3 Bb5 25.g4 Kg7 26.Kb1 c4 27.Ka2 e6 28.Bc6 Qd2 29.Kb1 g5
30.Bxb5 axb5 31.fxg5 Qxg5 32.Qc3 Qf4 33.Kb2 Kg6 34.a4 bxa4 35.Ka3 Qc1+ 36.Kxa4 Kg5
37.Kb4 Qf4 38.Qxc4 Qxe5 39.Qd3 f5 40.gxf5 exf5 41.c4 Qb2+ 42.Ka5 f4 43.c5 Qb7
44.Qd2 h5 45.Qc1 Qc7+ 46.Kb5 Kh4 47.c6 f3 48.Qf1 Kg3 49.Qd3 h4 50.Kc5 Qe5+
51.Kb6 Qb8+ 52.Kc5 Qe5+ 53.Kb6 Qb8+ 54.Kc5 Kg2 55.Qe4 Qf8+ 56.Kb6 Qb8+ 57.Kc5 Qc7
58.Kb5 Qb8+ 59.Kc5 Qc7 60.Kb5 Qb8+ 61.Kc5 Qc8 62.Kb6 Qb8+ 63.Kc5 Qf8+ 64.Kb6 Kg1
65.Qe1+ Kg2 66.Qe4 Kh2 67.c7 f2 68.Qc2 Kh1 69.c8=Q Qxc8 70.Qxc8 f1=Q 71.Qe6 Kh2
72.Kc5 Qxh3 73.Qe2+ Qg2 74.Qe5+ Qg3 75.Qe2+ Kh1 76.Qe4+ Kg1 77.Qb1+ Kg2 78.Qb2+ Kh1
79.Qb7+ Qg2 80.Qe7 h3 81.Kb4 Qb2+ 82.Ka4 Qc2+ 83.Ka3 h2 84.Qg5 Qc3+ 85.Ka4 Qf3
86.Ka5 Qf1 87.Ka4 Qa1+ 88.Kb3 Qa6 89.Kb4 Qa2 90.Qg4 Qc2 91.Ka3 Qc5+ 92.Ka4 Qc3
93.Qg5 Qc6+ 94.Ka3 Qc4 95.Qg6 Qc5+ 96.Ka4 Qd5 97.Ka3 Qd4 98.Qg5 Qe4 99.Kb3 Qb1+
100.Ka3 Qb3+  1/2-1/2

[Event "1st WMSG Blitz Pair"]
[Site "Beijing CHN"]
[Date "2008.10.08"]
[Round "4"]
[White "Greet,A"]
[Black "Kakageldyev,A"]
[Result "1-0"]
[WhiteElo "2440"]
[BlackElo "2449"]

1.e4 g6 2.d4 Bg7 3.Nc3 d6 4.f4 Nf6 5.Nf3 O-O 6.Bd3 Na6 7.O-O c5 8.d5 Nc7
9.Qe1 a6 10.a4 Rb8 11.a5 b5 12.axb6 Rxb6 13.Nd2 Bd7 14.Nc4 Rb4 15.Bd2 Rb8
16.Qh4 Bb5 17.b3 Qc8 18.f5 Bxc4 19.Bxc4 Re8 20.Rf3 Nd7 21.Rh3 Nf8 22.Rf1 Nb5
23.Ne2 Nd4 24.Nxd4 Bxd4+ 25.Kh1 Bg7 26.Rhf3 Nd7 27.fxg6 fxg6 28.Rh3 Nf6 29.Rxf6 exf6
30.Qxh7+ Kf7 31.Rh6 Rh8 32.Qxg6+ Kf8 33.Rxh8+ Bxh8 34.Bh6+ Ke7 35.Qh7+ Kd8
36.Qxh8+ Kc7 37.Qxc8+ Rxc8 38.Bf4 Re8 39.Bd3 f5 40.Kg1 fxe4 41.Bxa6 Ra8 42.Bc4 Ra1+
43.Kf2 Ra2 44.Ke3 Rxc2 45.g4 Rg2 46.Bg3 Kd7 47.Kxe4 Ke7 48.Kf3 Rc2 49.h4 Rc1
50.h5 Rc2 51.g5 Rc3+ 52.Kg4 Rc1 53.h6 Kf7 54.Bxd6 Rd1 55.Bxc5 Kg6 56.Be7 Rg1+
57.Kf4 Rf1+ 58.Ke5 Re1+ 59.Kd6 Re3 60.Bf6 Rf3 61.b4 Rf4 62.Bd3+ Kf7 63.h7 Rh4
64.h8=Q Rxh8 65.Bxh8 Kg8 66.Bf6 Kf7 67.b5 Ke8 68.g6 Kf8 69.b6 Ke8 70.b7  1-0

[Event "1st WMSG Blitz Pair"]
[Site "Beijing CHN"]
[Date "2008.10.08"]
[Round "7"]
[White "Balogh,C"]
[Black "Gurevich,M1"]
[Result "1-0"]
[WhiteElo "2616"]
[BlackElo "2634"]

1.e4 d6 2.d4 g6 3.Nc3 Bg7 4.Bg5 a6 5.f4 b5 6.Nf3 Bb7 7.Bd3 Nd7 8.Qe2 c5 9.dxc5 Nxc5
10.O-O Nxd3 11.cxd3 Nf6 12.f5 O-O 13.Qd2 Re8 14.Bh6 Bh8 15.Qg5 Rc8 16.Nh4 Rc5
17.Rae1 e5 18.fxg6 fxg6 19.Nxg6  1-0

[Event "1st WMSG Blitz Pair"]
[Site "Beijing CHN"]
[Date "2008.10.08"]
[Round "10"]
[White "Berend,F"]
[Black "Kakageldyev,A"]
[Result "1-0"]
[WhiteElo "2345"]
[BlackElo "2449"]

1.e4 g6 2.d4 Bg7 3.Nc3 d6 4.f4 Nf6 5.Nf3 O-O 6.Bd3 Na6 7.O-O c5 8.d5 Nc7
9.a4 a6 10.a5 Bd7 11.Qe2 Qe8 12.Bc4 Bb5 13.Rd1 Bxc4 14.Qxc4 Nb5 15.Na4 Rd8
16.c3 e6 17.dxe6 Qxe6 18.Qxe6 fxe6 19.Ng5 Rfe8 20.e5 dxe5 21.Rxd8 Rxd8 22.Be3 Nd5
23.Nxe6 Re8 24.Nxg7 Kxg7 25.Bxc5 exf4 26.c4 Ne3 27.cxb5 axb5 28.Nc3 b4 29.Na2 Nc2
30.Rd1 b3 31.Nc1 Ne3 32.Bxe3 Rxe3 33.Kf2 Re5 34.Nxb3 Rb5 35.Rd3 Kf6 36.Rc3 Ke5
37.Rc5+ Rxc5 38.Nxc5 Kd5 39.Nxb7 Kc6 40.Nd8+ Kb5 41.b4 g5 42.Ne6 h6 43.h3 Ka6
44.Nd4 h5 45.Ne6  1-0

[Event "1st WMSG Rapid Pair"]
[Site "Beijing CHN"]
[Date "2008.10.09"]
[Round "2"]
[White "Gyimesi,Z"]
[Black "Kakageldyev,A"]
[Result "1-0"]
[WhiteElo "2592"]
[BlackElo "2449"]

1.d4 g6 2.e4 Bg7 3.Nc3 d6 4.f3 Nf6 5.g4 h5 6.g5 Nfd7 7.Bg2 e5 8.Nge2 h4 9.f4 exf4
10.Bxf4 Nf8 11.Qd2 Ne6 12.Be3 h3 13.Bf3 f6 14.Nf4 Nxg5 15.Be2 Rh6 16.O-O-O c6
17.Nxg6 b5 18.Nf4 b4 19.Na4 Qa5 20.Nh5 Bh8 21.Bxg5 Qxg5 22.Nf4 Rh4 23.Rdf1 Bg7
24.Rhg1 Qh6 25.b3 Bd7 26.Nb2 Kd8 27.Nc4 f5 28.Nxd6 Qxd6 29.Rxg7 fxe4 30.Ne6+ Bxe6
31.Qg5+ Kc8  1-0

[Event "Chigorin Memorial"]
[Site "St Petersburg RUS"]
[Date "2008.10.09"]
[Round "7"]
[White "Vysochin,S"]
[Black "Amonatov,F"]
[Result "1/2-1/2"]
[WhiteElo "2520"]
[BlackElo "2634"]

1.e4 d6 2.d4 g6 3.Nc3 Bg7 4.Nf3 Nf6 5.Be2 O-O 6.O-O Na6 7.e5 Nd7 8.Bf4 Nb6
9.Qd2 Bg4 10.Rad1 c6 11.Qc1 d5 12.Ng5 Bc8 13.Bxa6 bxa6 14.h3 f6 15.Nf3 Bf5
16.Rfe1 Qd7 17.Re2 g5 18.Bg3 g4 19.exf6 exf6 20.hxg4 Bxg4 21.Qf4 Qf5 22.Qxf5 Bxf5
23.b3 Rfe8 24.Rde1 Kf7 25.Bf4 Bf8 26.Rxe8 Rxe8 27.Rxe8 Kxe8 28.Ne1 Bb4 29.Bd2 Nc8
30.Kf1 Ba5 31.Ke2 Bb6 32.Be3 Nd6 33.Na4 Nb5 34.Nxb6 axb6 35.Kd2 Be4 36.f3 Bg6
37.g4 Kd7 38.a4 Nd6 39.Ng2 b5 40.a5 Nb7 41.b4 Nd6 42.c3 Ke6 43.Bf4 Nc4+  1/2-1/2

[Event "1st WMSG Rapid Pair"]
[Site "Beijing CHN"]
[Date "2008.10.10"]
[Round "4"]
[White "Paragua,M"]
[Black "Kakageldyev,A"]
[Result "0-1"]
[WhiteElo "2526"]
[BlackElo "2449"]

1.e4 g6 2.d4 Bg7 3.Nc3 d6 4.f4 Nf6 5.Nf3 O-O 6.Bd3 Na6 7.e5 Ne8 8.O-O c5
9.Bxa6 cxd4 10.Nxd4 bxa6 11.Qf3 Bd7 12.Re1 Rc8 13.Kh1 e6 14.Qb7 Qc7 15.Qxc7 Rxc7
16.Nb3 f6 17.exd6 Nxd6 18.Na5 Rb8 19.Rd1 Bf8 20.Nb3 Nc4 21.Rb1 Kf7 22.Bd2 Bc6
23.Be1 Ne3 24.Rd2 Rb4 25.Re2 Nxg2 26.Rxg2 Rd7 27.Bg3 Rxb3 28.cxb3 Rd2 29.Kg1 Rxg2+
30.Kf1 Bc5 31.Ne2 Bf3 32.Rc1 Bb6 33.Rc2 h5 34.b4 h4 35.Bxh4 Rxh2  0-1

[Event "1st WMSG Rapid Pair"]
[Site "Beijing CHN"]
[Date "2008.10.10"]
[Round "6"]
[White "Berend,F"]
[Black "Kakageldyev,A"]
[Result "1-0"]
[WhiteElo "2345"]
[BlackElo "2449"]

1.e4 g6 2.d4 Bg7 3.Nc3 d6 4.f4 Nf6 5.Nf3 O-O 6.Bd3 Na6 7.O-O c5 8.d5 Nc7
9.a4 a6 10.a5 Rb8 11.Qe2 b5 12.axb6 Rxb6 13.Nd2 Rb8 14.Nc4 Nb5 15.Na5 Nxc3
16.bxc3 Qc7 17.Ra3 Bg4 18.Qe1 Bd7 19.Bd2 e6 20.c4 exd5 21.cxd5 Rfe8 22.c4 Nxe4
23.Bxe4 f5 24.Bc3 Rxe4 25.Qa1 Bd4+ 26.Kh1 Rbe8 27.h3 Re3 28.Rb1 Rd3 29.Bxd4 Rxd4
30.Rb7 Qc8 31.Rab3 Qd8 32.Nc6 Bxc6 33.dxc6 Qh4 34.Rb8 Re4 35.Rb1 Re7 36.c7 Kf7  1-0

[Event "1st WMSG Rapid Pair"]
[Site "Beijing CHN"]
[Date "2008.10.10"]
[Round "6"]
[White "Leon Hoyos,M"]
[Black "Nyback,T"]
[Result "1/2-1/2"]
[WhiteElo "2535"]
[BlackElo "2634"]

1.e4 g6 2.d4 Bg7 3.Nc3 d6 4.h4 h5 5.Nh3 Bxh3 6.Rxh3 Nd7 7.Bg5 a6 8.Bc4 Ngf6
9.a4 c5 10.f4 Nh7 11.dxc5 Nxc5 12.f5 Nxg5 13.hxg5 Rc8 14.Qf3 Rf8 15.O-O-O Nd7
16.Qe2 Bxc3 17.Rxc3 Ne5 18.Kb1 Rc6 19.Bb3 Rxc3 20.bxc3 Qc7 21.Qf2 Qxc3 22.Qa7 Qc8
23.f6 Nc6 24.Qb6 Qb8 25.a5 Kd7 26.fxe7 Kxe7 27.Qf2 f6 28.g4 fxg5 29.Qd2 Rf4
30.gxh5 gxh5 31.Qd5 Rf6 32.Qxg5 Qh8 33.Qd5 Qf8 34.e5 Rh6 35.e6 Qf4 36.Qg2 Qg4
37.Qd2 Rxe6 38.Bxe6 Qxe6 39.Qg5+ Kd7 40.Qxh5 Qe5 41.Qf7+ Kc8 42.Qf8+ Kc7
43.Rg1 Qb5+ 44.Kc1 Qxa5 45.Rg7+ Kb6 46.Qf7 Qe1+ 47.Kb2 Qb4+ 48.Kc1 Ka7 49.Qf2+ Qc5
50.Qf7 Na5 51.Rg3 d5 52.Rd3 d4 53.Qd7 Nc6 54.Kd1 Nb4 55.Rxd4 Qxc2+ 56.Ke1 Qc3+
57.Ke2 Nc6 58.Rd3 Qc2+ 59.Ke1 a5 60.Rd2 Qc1+ 61.Ke2 a4 62.Qd3 Qc5 63.Qe4 b5
64.Kd1 Kb6 65.Rc2 Qd4+ 66.Qxd4+ Nxd4 67.Rc8 Ka5 68.Rd8 Nc6 69.Rd6 Ne5 70.Kc2 Kb4
71.Rd8 Nc4 72.Rb8 a3 73.Kb1 Ka4 74.Ka2 b4 75.Rb7 Na5 76.Rb8 b3+ 77.Kb1 Nc4
78.Ra8+ Kb4 79.Rb8+ Kc3 80.Ka1 Ne3 81.Rc8+ Nc4 82.Rb8 Kc2 83.Rb7 Kc3 84.Rb8 Ne3
85.Rc8+ Kd4 86.Kb1 a2+ 87.Kb2 Nc2 88.Rd8+ Ke3 89.Re8+ Kd3 90.Rd8+ Kc4 91.Rc8+ Kd5
92.Rd8+ Kc5 93.Rc8+ Kb6 94.Ra8 a1=Q+ 95.Rxa1 Nxa1 96.Kxa1 Kb5 97.Kb2 Kc4
98.Kb1 Kc3 99.Kc1 b2+ 100.Kb1 Kb3  1/2-1/2

[Event "FSIM October"]
[Site "Budapest HUN"]
[Date "2008.10.10"]
[Round "6"]
[White "Gabrielsen,T"]
[Black "Parkanyi,A"]
[Result "0-1"]
[WhiteElo "2280"]
[BlackElo "2361"]

1.e4 g6 2.d4 Bg7 3.Nc3 d6 4.f4 a6 5.Nf3 b5 6.Bd3 Nd7 7.e5 c5 8.exd6 cxd4
9.Ne4 Nh6 10.a4 Bb7 11.axb5 axb5 12.Rxa8 Bxa8 13.O-O O-O 14.dxe7 Qxe7 15.Ng3 Bc6
16.Qe2 Qc5 17.f5 Ng4 18.Ng5 Ndf6 19.N5e4 Nxe4 20.Nxe4 Bxe4 21.Qxe4 Ne3 22.f6 Bh8
23.Rf3 Nxc2 24.Qe7 Rc8 25.Bf5 d3+ 26.Qxc5 Rxc5 27.Bxd3 Nd4 28.Rf1 Bxf6 29.Bd2 Nf5
30.Bxf5 gxf5 31.b3 Bd4+ 32.Kh1 Kg7 33.Rf3 Rc2 34.Rd3 Be5 35.g3 Kf6 36.Kg2 f4
37.Kf3 fxg3 38.hxg3 h5 39.Bf4 Bxf4 40.Kxf4 Rf2+ 41.Ke3 Rf5 42.Rd6+ Kg5 43.Rd4 Rc5
44.Rb4 Rf5 45.Rd4 f6 46.Rb4 Re5+ 47.Kf3 Kf5 48.Kf2 Ke6 49.Kf3 Rc5 50.Kg2 Rf5
51.Kh3 Kd6 52.Kh4 Kc5 53.Re4 Rf3 54.Kh3 Rf2 55.Rh4 f5 56.b4+ Kd5 57.Rxh5 Kc4
58.Rh4+ Kb3 59.Rf4 Rxf4 60.gxf4 Kxb4 61.Kh4 Kc5 62.Kg5 b4 63.Kxf5 b3 64.Kg4 b2
65.f5 b1=Q  0-1